=LDR 00000nam 2200000 4500 =001 INLIS000000000041651 =005 20201228124629 =035 ##$$a 0010-061300000041651 =008 201228################g##########0#ind## =082 ##$$a 332.67 =090 ##$$a 332.67, Adr i =100 1#$$a Adri, Natar =245 1#$$a Investasi Mudah dan Murah /$c Natar Adri; editor, Anisa =260 ##$$a Jakarta :$b Penebar plus,$c 2010 =300 ##$$a iv, 220 hlm ; $c 20 x 14 cm =650 #4$$a Investasi =850 ##$$a NBPNMAT =020 ##$$a 978-602-8661-86-2 =084 ##$$a 332.67 ADR i =250 ##$$a cet.1 =990 ##$$a 21106581 =990 ##$$a 21106583 =990 ##$$a 21106582